Sport Psychology : (Record no. 16343)

MARC details
000 -LEADER
fixed length control field 02052cam a2200349 a 4500
001 - CONTROL NUMBER
control field 16627944
005 - DATE AND TIME OF LATEST TRANSACTION
control field 20111012185209.0
008 - FIXED-LENGTH DATA ELEMENTS--GENERAL INFORMATION
fixed length control field 110128s2012 nyua |rb 001 0 eng
010 ## - LIBRARY OF CONGRESS CONTROL NUMBER
LC control number 2011001464
020 ## - INTERNATIONAL STANDARD BOOK NUMBER
International Standard Book Number 0071086226 (pbk. : acidfree paper)
020 ## - INTERNATIONAL STANDARD BOOK NUMBER
International Standard Book Number 9780071086226 (pbk. : acidfree paper)
040 ## - CATALOGING SOURCE
Original cataloging agency DLC
Transcribing agency DLC
Modifying agency DLC
042 ## - AUTHENTICATION CODE
Authentication code pcc
050 00 - LIBRARY OF CONGRESS CALL NUMBER
Classification number GV706.4
Item number .C69 2012
082 00 - DEWEY DECIMAL CLASSIFICATION NUMBER
Classification number 796.01
Edition number 22
Item number COX
084 ## - OTHER CLASSIFICATION NUMBER
Classification number EDU033000
Source of number bisacsh
100 1# - MAIN ENTRY--PERSONAL NAME
Personal name Cox, Richard H.,
Dates associated with a name 1941-
9 (RLIN) 28435
245 10 - TITLE STATEMENT
Title Sport Psychology :
Remainder of title Concepts and Applications /
Statement of responsibility, etc Richard H. Cox.
250 ## - EDITION STATEMENT
Edition statement 7th ed.
260 ## - PUBLICATION, DISTRIBUTION, ETC. (IMPRINT)
Place of publication, distribution, etc New York :
Name of publisher, distributor, etc McGraw-Hill,
Date of publication, distribution, etc 2012.
300 ## - PHYSICAL DESCRIPTION
Extent xii, 564 p. :
Other physical details ill. ;
Dimensions 24 cm.
504 ## - BIBLIOGRAPHY, ETC. NOTE
Bibliography, etc Includes bibliographical references (p. 492-539) and indexes.
520 ## - SUMMARY, ETC.
Summary, etc "Sport Psychology: Concepts and Applications shows how concepts supported by current scientific research can be used to address issues and situations encountered everyday by physical activity specialists, coaches, athletic trainers, and athletes. This introduction to sport and exercise psychology addresses practical issues, such as dealing with anxiety, arousal, and stress; developing coping, relaxation, motivation, and energizing strategies; understanding the effects of an audience on human performance; building team cohesion; and preventing burnout and other negative effects"--
650 #0 - SUBJECT ADDED ENTRY--TOPICAL TERM
Topical term or geographic name as entry element Sports
General subdivision Psychological aspects.
9 (RLIN) 28436
650 #0 - SUBJECT ADDED ENTRY--TOPICAL TERM
Topical term or geographic name as entry element Coaching (Athletics)
General subdivision Psychological aspects.
9 (RLIN) 28437
650 #0 - SUBJECT ADDED ENTRY--TOPICAL TERM
Topical term or geographic name as entry element Athletes
General subdivision Psychology.
9 (RLIN) 28438
650 #7 - SUBJECT ADDED ENTRY--TOPICAL TERM
Topical term or geographic name as entry element EDUCATION / Physical Education
Source of heading or term bisacsh.
9 (RLIN) 28439
653 ## - INDEX TERM--UNCONTROLLED
Resource For college
Arrived date list January2012
942 ## - ADDED ENTRY ELEMENTS (KOHA)
Source of classification or shelving scheme Dewey Decimal Classification
Item type Book - Borrowing
Holdings
Withdrawn status Item status Source of classification or shelving scheme Damaged status Not for loan Vendor Home library Current library Shelving location Date acquired Source of acquisition Cost, normal purchase price Serial Enumeration / chronology Total Checkouts Total Renewals Full call number Barcode Checked out Date last seen Date last borrowed Koha item type
    Dewey Decimal Classification       Central Library Central Library Second Floor 30/01/2012   450.00 1817/2012 2 46 796.01 COX 000025855 15/05/2025 13/05/2018 07/02/2015 Book - Borrowing